000 00813ci a2200253 4500
001 B3212
008 970304 1986
035 _a(Sirsi) u54757
041 0 _aeng
050 0 4 _a333.33 $2 18
100 1 _aGass, M. J.
245 0 0 _aEstate agency no. two
_bthe critical path
_h[sound recording]
260 _aLondon
_bRICS
_c1986
300 _a1
_faudio cassette (ca. 60 min.)
350 _a10
490 _aOwlion Audio Programme
651 4 _aUnited Kingdom
_y
690 _aPROPERTY-PROPERTY AGENCY
710 2 _aCollege of Estate Management
_9400
710 2 _aRoyal Institution of Chartered Surveyors
_94900
856 4 8 _uhttps://194.154.180.3/uhtbin/cgisirsi.exe/0/0/0/1/117/X/
_zAudio Visual materials can only be used in the library.
942 _n0
948 _c04/03/1997
999 _c85300
_d85300